Essentials of energy technology : sources, transport, storage, and conservation (Record no. 355711)

000 -LEADER
fixed length control field 00543nam a22001577a 4500
008 - FIXED-LENGTH DATA ELEMENTS--GENERAL INFORMATION
fixed length control field 151202b xxu||||| |||| 00| 0 eng d
020 ## - INTERNATIONAL STANDARD BOOK NUMBER
International Standard Book Number 9783527334162
082 ## - DEWEY DECIMAL CLASSIFICATION NUMBER
Edition number 23
Classification number 621.042
Author Mark BOR-E 2013
100 ## - MAIN ENTRY--PERSONAL NAME
Personal name Fricke, J. (Jochen),
Dates associated with a name 1938
245 ## - TITLE STATEMENT
Title Essentials of energy technology : sources, transport, storage, and conservation
Statement of responsibility, etc. Fricke, J. (Jochen)
260 ## - PUBLICATION, DISTRIBUTION, ETC.
Place of publication, distribution, etc. Weinheim :
Name of publisher, distributor, etc. Wiley-VCH,
Date of publication, distribution, etc. 2013.
300 ## - PHYSICAL DESCRIPTION
Extent xvii, 443 p. : ill. ; 24 cm.
650 ## - SUBJECT ADDED ENTRY--TOPICAL TERM
Topical term or geographic name entry element Power resources, Energy development
700 ## - ADDED ENTRY--PERSONAL NAME
Personal name Borst, Walter L.
942 ## - ADDED ENTRY ELEMENTS (KOHA)
Source of classification or shelving scheme
Koha item type Book
Holdings
Withdrawn status Lost status Source of classification or shelving scheme Damaged status Not for loan Collection code Permanent Location Current Location Shelving location Date acquired Source of acquisition Cost, normal purchase price Total Checkouts Full call number Barcode Date last seen Price effective from Koha item type
            US-Pakistan Center for Advanced Studies in Energy (USPCAS-E) US-Pakistan Center for Advanced Studies in Energy (USPCAS-E)   12/02/2015 Victoria Co. 6864.00   621.042 BOR-E 2013 CAS-E0000810 12/02/2015 12/02/2015 Book
© 2023 Central Library, National University of Sciences and Technology. All Rights Reserved.